000 00236nam a2200097Ia 4500
001 706043
005 20250826162441.0
008 250824s9999 xx 000 0 und d
245 0 _aKAZANAN YALNIZDIR
_cPAULE COELHO
260 _bCAN YAYINLARI
999 _c706043
_d706043